|
|
|
|
| LEADER |
01742nam a2200397 i 4500 |
| 001 |
35117 |
| 003 |
BD-DhAAL |
| 005 |
20211118111425.0 |
| 008 |
190808t2018 nyua b 001 0 eng d |
| 999 |
|
|
|c 40833
|d 40833
|
| 010 |
|
|
|a 2016050582
|
| 020 |
|
|
|a 9781138958265 (pbk.)
|
| 020 |
|
|
|a 9781138958258 (hardback)
|
| 020 |
|
|
|z 9781315661285 (ebook)
|
| 020 |
|
|
|z 9781317339632 (mobi/kindle)
|
| 040 |
|
|
|a DLC
|b eng
|e rda
|c DLC
|d DLC
|d BD-DhAAL
|
| 042 |
|
|
|a pcc
|
| 050 |
0 |
0 |
|a TH4860
|b .C665 2018
|
| 082 |
0 |
0 |
|a 728.047
|2 23
|
| 100 |
1 |
|
|a Corner, Donald
|9 33459
|
| 245 |
1 |
0 |
|a Passive house details :
|b solutions for high performance design /
|c Donald B. Corner, Jan C. Fillinger and Alison G. Kwok.
|
| 260 |
|
|
|a New York :
|b Routledge,
|c c2018.
|
| 300 |
|
|
|a xvi, 316 pages :
|b illustrations ;
|c 29 cm.
|
| 504 |
|
|
|a Includes bibliographical references (pages 311-312) and index.
|
| 526 |
|
|
|a ARC
|
| 541 |
|
|
|a Trim Education
|e 35117, 35118
|
| 650 |
|
0 |
|a Ecological houses
|x Design and construction.
|9 33460
|
| 650 |
|
0 |
|a Architecture, Domestic
|x Environmental aspects.
|9 33461
|
| 650 |
|
0 |
|a Sustainable architecture.
|9 33462
|
| 650 |
|
0 |
|a Architecture.
|9 42786
|
| 700 |
1 |
|
|a Fillinger, Jan C.
|9 33463
|
| 700 |
1 |
|
|a Kwok, Alison G.
|9 33464
|
| 852 |
|
|
|a Ayesha Abed Library
|c General Stacks
|
| 942 |
|
|
|2 ddc
|c BK
|
| 952 |
|
|
|0 0
|1 0
|2 ddc
|4 0
|6 728_047000000000000_COR
|7 0
|9 65974
|a BRACUL
|b BRACUL
|c GEN
|d 2019-07-28
|e Trim Education
|g 2355.00
|l 0
|o 728.047 COR
|p 3010035117
|r 2019-07-28
|t 1
|v 2355.00
|w 2019-07-28
|y BK
|
| 952 |
|
|
|0 0
|1 0
|2 ddc
|4 0
|6 728_047000000000000_COR
|7 0
|9 65975
|a BRACUL
|b BRACUL
|c GEN
|d 2019-07-28
|e Trim Education
|g 2355.00
|l 1
|m 7
|o 728.047 COR
|p 3010035118
|r 2024-09-29
|s 2024-07-02
|t 2
|v 2355.00
|w 2019-07-28
|y BK
|x Transferred from ARC to BRACUL on 28/12/2023
|